| 000 | 02189pam a2200637 cc4500 | ||
|---|---|---|---|
| 001 | 1310497524 | ||
| 003 | DE-101 | ||
| 005 | 20250930111156.0 | ||
| 007 | tu | ||
| 008 | 231120s2024 gw ||||| |||| 00||||ger | ||
| 015 |
_a24,A45 _z23,N48 _2dnb |
||
| 016 | 7 |
_2DE-101 _a1310497524 |
|
| 020 |
_a9783741638107 _cBroschur : EUR 10.00 (DE), EUR 10.30 (AT) |
||
| 020 | _a3741638102 | ||
| 024 | 3 | _a9783741638107 | |
| 035 | _a(DE-599)DNB1310497524 | ||
| 035 | _a(OCoLC)1466967615 | ||
| 040 |
_a1245 _bger _cDE-101 _d1240 _erda |
||
| 041 |
_ager _hjpn |
||
| 044 | _cXA-DE-BW | ||
| 082 | 7 | 4 |
_a741.5 _qDE-101 _223sdnb |
| 100 | 0 |
_0(DE-588)1333855117 _0https://d-nb.info/gnd/1333855117 _0(DE-101)1333855117 _aRoji _eVerfasser _4aut _2gnd |
|
| 245 | 1 | 0 |
_aMein Leben mit Papa und Papa _n1 _cRoji |
| 250 | _a1. Auflage | ||
| 264 | 3 | 1 |
_aStuttgart _bPanini Manga _c[2024] |
| 300 |
_acirca 180 Seiten _c223 g _e1 Sammelpostkarte |
||
| 336 |
_aText _btxt _2rdacontent |
||
| 336 |
_aunbewegtes Bild _bsti _2rdacontent |
||
| 337 |
_aohne Hilfsmittel zu benutzen _bn _2rdamedia |
||
| 338 |
_aBand _bnc _2rdacarrier |
||
| 653 | _a(Produktform)Paperback / softback | ||
| 653 | _a(Zielgruppe)ab 16 Jahre | ||
| 653 | _a(Lesealter)ab 16 Jahre | ||
| 653 | _a(Produktform (spezifisch))Unflipped manga format | ||
| 653 | _aBaby | ||
| 653 | _aManga | ||
| 653 | _aRomance | ||
| 653 | _aYaoi | ||
| 653 | _aShonen Ai | ||
| 653 | _aSlice of life | ||
| 653 | _aBoys Love | ||
| 653 | _aF24 | ||
| 653 | _aShounen Ai | ||
| 653 | _aQueer | ||
| 653 | _aLGBTQ | ||
| 653 | _aLGBTQIA+ | ||
| 653 | _aFamilie | ||
| 653 | _a(VLB-WN)1182: Hardcover, Softcover / Belletristik/Comic, Cartoon, Humor, Satire/Manga, Manhwa | ||
| 655 | 7 |
_0(DE-588)4010427-8 _0https://d-nb.info/gnd/4010427-8 _0(DE-101)040104273 _aComic _2gnd-content |
|
| 700 | 1 |
_81\p _aLange, Markus _eÜbersetzer _4trl |
|
| 773 | 0 | 8 |
_q11 _w(DE-101)1333855400 |
| 856 | 4 | 2 |
_mX:MVB _qtext/html _uhttp://deposit.dnb.de/cgi-bin/dokserv?id=1ca4ef5f5caf432fa4db1078b8177dea&prov=M&dok_var=1&dok_ext=htm _3Inhaltstext |
| 883 | 2 |
_81\p _adnb _d20250526 _qDE-101 _uhttps://d-nb.info/provenance/plan#dnb |
|
| 942 |
_2ddc _cMGA _n0 |
||
| 999 |
_c1355 _d1355 |
||